000 00281nam a2200109Ia 4500
100 _aSantacruz operation Inc
942 _cBK
654 _aunix
245 _aSCO unix sytem v operating system sytem administrator reference
260 _bSantacruz Operation Inc.
546 _aENGLISH
999 _c29936
_d29936